000 00224nam a22000977a 4500
999 _c521565
_d521565
082 _aTNC T39 S64
100 _aSingh, Naunihal
_935436
245 _aInternational business
260 _aNew delhi
_bAnmol
_c1997
300 _a468p.